Statistiques concernant Architecte - DA Uzi

Cliquez ici pour prendre le quiz!

Statistiques générales

  • Ce quiz a été pris 29 fois
  • Le résultat moyen est 8 sur 21

Statistiques - réponses

N° TrackTitres% Correct
6Architecte
83%
19Da Vinci
72%
7 (ft. Maes)Le dire
67%
4 (ft. Ninho)Crois-moi
61%
1En +
61%
21 - BonusJ'ai pris la route
50%
11 (ft. SCH)Ni amour ni amitié
39%
18Plus belle la vie
39%
2Style Haussmanien
39%
17 (ft. Alonzo)F.L.P
33%
16Berline
28%
8Camila
28%
9En avance
28%
20 (ft. Imen Es) - BonusLes traitres
28%
12Tommy Shelby
28%
5Autre part
22%
3Pleine lune
22%
15Soirées des cités
22%
14 (ft. Mister You)Culiacan
17%
13Du passé au futur
11%
10Laisse Tomber
11%

Distribution des résultats

Percentile par nombre de réponses

% des personnes avec chaque résultat

Votre développement - résultats

Vous n’avez pas pris ce quiz